| Tag |
First Indicator |
Second Indicator |
Subfields |
| LEADER |
00000cam a2200000 a 4500 |
| 001 |
in00000009180 |
| 005 |
20151007051505.0 |
| 008 |
880107s1983 dr b 00010 spa d |
| 035 |
|
|
|a (OCoLC)17314461
|
| 035 |
|
|
|9 AAA3255AM
|
| 040 |
|
|
|a AUM
|c AUM
|d UtOrBLW
|
| 049 |
|
|
|a TXAM
|c [A12622394]
|
| 050 |
|
4 |
|a HG1607.S7
|b B47 1983
|
| 110 |
1 |
|
|a Bergés, Frederich E.,
|d (1949-)
|
| 245 |
1 |
4 |
|a Las relaciones bancarias /
|c Frederich E. Bergés.
|
| 250 |
|
|
|a 1. ed.
|
| 264 |
|
1 |
|a Santo Domingo, República Dominicana :
|b CEMYB, Centro de Estudios Monetarios y Bancarios,
|c [1983]
|
| 300 |
|
|
|a 87 pages ;
|c 22 cm.
|
| 336 |
|
|
|a text
|b txt
|2 rdacontent
|
| 337 |
|
|
|a unmediated
|b n
|2 rdamedia
|
| 338 |
|
|
|a volume
|b nc
|2 rdacarrier
|
| 490 |
1 |
|
|a Serie general ;
|v 2
|
| 504 |
|
|
|a Bibliography: page 87.
|
| 650 |
|
0 |
|a Banks and banking.
|
| 650 |
|
0 |
|a Business enterprises
|x Finance.
|
| 830 |
|
0 |
|a Serie general (Centro de Estudios Monetarios y Bancarios (Santo Domingo, Dominican Republic)) ;
|v 2.
|
| 999 |
|
|
|a MARS
|
| 999 |
f |
f |
|s c4c1d467-d8e9-3968-aa7d-f209186fbc2c
|i 2165290c-e691-3ac5-8b2e-e024e775aa29
|t 0
|
| 952 |
f |
f |
|p ric
|a Texas A&M University
|b Rellis Campus
|c Joint Library Facility
|d Remote Storage
|t 0
|e HG1607.S7 B47 1983
|h Library of Congress classification
|i unmediated -- volume
|m A14812622394
|
| 998 |
f |
f |
|a HG1607.S7 B47 1983
|t 0
|l Remote Storage
|